logo

Bir Sreshtho Munshi Abdur Rouf Library
Jhenaidah Cadet College

Astronomy, the cosmic journey / (Record no. 4790)

MARC details
000 -LEADER
fixed length control field 00732pam a2200277 a 4500
001 - CONTROL NUMBER
JCCL Control Number 4790
003 - CONTROL NUMBER IDENTIFIER
JCCL marc code BD-JhCC
005 - DATE AND TIME OF LATEST TRANSACTION
control field 20171203172853.0
008 - FIXED-LENGTH DATA ELEMENTS--GENERAL INFORMATION
fixed length control field 861030s1987 caua b 001 0 eng
020 ## - INTERNATIONAL STANDARD BOOK NUMBER
International Standard Book Number 0534079385
035 ## - SYSTEM CONTROL NUMBER
system control number (BD-JhCC)
040 ## - CATALOGING SOURCE
Original cataloging agency DLC
Transcribing agency DLC
Modifying agency DLC
041 ## - LANGUAGE CODE
Language code of Book eng
050 00 - LIBRARY OF CONGRESS CALL NUMBER
Classification number QB45
Item number .H32 1987
082 00 - DEWEY DECIMAL CLASSIFICATION NUMBER
Classification number 520
DDC Edition number 19
Author mark and Year HAR 1987
100 1# - MAIN ENTRY--PERSONAL NAME
Personal name Hartmann, William K.
245 10 - TITLE STATEMENT
Title Astronomy, the cosmic journey /
Statement of responsibility, etc William K. Hartmann.
250 ## - EDITION STATEMENT
Edition statement 1987 ed.
260 ## - PUBLICATION, DISTRIBUTION, ETC. (IMPRINT)
Place of publication, distribution, etc Belmont, Calif. :
Name of publisher, distributor, etc Wadsworth Pub. Co.,
Date of publication, distribution, etc 1987.
300 ## - PHYSICAL DESCRIPTION
Pagination xxiii, 548 p. :
Other physical details ill. ;
Dimensions 28 cm.
500 ## - GENERAL NOTE
General note Includes index.
504 ## - BIBLIOGRAPHY, ETC. NOTE
Bibliography, etc Bibliography: p. 523-534.
650 #0 - SUBJECT ADDED ENTRY--TOPICAL TERM
Topical term or geographic name as entry element Astronomy.
942 ## - ADDED ENTRY ELEMENTS (KOHA)
Source of classification or shelving scheme Dewey Decimal Classification
Koha item type Books
Holdings
Source of classification or shelving scheme Damaged status Not for loan Home library Current library Shelving location Date of accession Total Checkouts Full call number Barcode Date last seen Copy number Koha item type
Dewey Decimal Classification     JCC Rouf Library JCC Rouf Library General Stacks 12/03/2017   520 HAR 1987 6685 12/03/2017 C - 1 Books

JCC Library | Contacts | JCC Home

Last Update on 23 September 2017
Copyright @ 2017-2020 JCC Rouf Library
Rouf Library, Jhenidah Cadet College (JCC), Bangladesh